Greccy filozofowie - nagła śmierć - Statystyki

Ogólne statystyki
  • Ten quiz został rozwiązany 113 razy
  • Średni wynik to 8 z 15
Answers on the Grid
Answers color-coded by a green-red scale on the quiz's grid according to % correct below.
Anaksymander
Anaksymenes
Heraklit
Tales
Empedokles
Demokryt
Leucyp
Zenon
Parmenides
Pitagoras
Sokrates
Platon
Arystoteles
Epikur
Pyrron
Święty Augustyn
William Ockham
Kartezjusz
Majmonides
Awicenna
Awerroes
Awicebron
Konfucjusz
Budda
Seneka Młodszy
Cyceron
Marek Aureliusz
Wolter
 
Statystyki odpowiedzi
Odpowiedź % Poprawnych
Platon
80%
Sokrates
80%
Arystoteles
76%
Pitagoras
67%
Tales
67%
Heraklit
63%
Epikur
61%
Demokryt
53%
Empedokles
47%
Zenon
37%
Parmenides
35%
Anaksymenes
31%
Anaksymander
25%
Leucyp
20%
Pyrron
12%
Nie znaleziono quizów pasujących do podanych kryteriów
Rozkład punktacji
Procent ludzi z każdym wynikiem
Percentyl według liczby udzielonych odpowiedzi
Twoja historia wyników
Nie rozwiązałeś tego quizu